000 00641nam a2200229 4500
001 71855
003 BD-RjUL
005 20211209082153.0
008 170508s1968 enkaf b 001 0 eng d
020 _a0340060468
035 _a(BD-RjUL)72071
040 _aDLC
_cDLC
_dDLC
_beng
041 _aeng
082 0 0 _a539.7
_223
_bMOA 1968
100 1 _aMossop, G. M.
_9212546
245 1 0 _aAdvanced Level atomic physics /
_c G. M. Mossop.
260 _aLondon :
_bUniversity of London P.,
_c1968.
300 _a318 p. :
_bill. ;
_c23 cm.
504 _aIncludes Bibliography and Indexes
650 0 _aNuclear physics.
_9212547
942 _2ddc
_cBK
999 _c71855
_d71855